00766nam a22002177a 4500999001900000005001700019010001500036020002400051020001800075035001400093037001300107082001200120245010800132260004500240270006100285300002600346600000600372700002000378942002600398952012400424 c196493d19649320230705124954.0 aENG-137272 a0198069456c1150.00 a9780198069454 aEN-120804 bDBAD/PUB a338.954 aThe Indian Economy Problems and Prospects: cEdit by Sulabha BrahmebSelected writings of D.R. Gadgil/  aNew Delhic2011bOxford University Press aYMCA Library Building, Jai Singh RoadbNew Delhie110001 axliv, 433pgc25cm(hb) d  aBrahme, Sulabha 2ddccENmINDh338.954 001040708NFICaNRbNRd2023-07-05eDBAD/PUBg1150.00l0o338.954 INDpEN-120804r2023-07-05 00:00:00t1v1150.00yEN